000 00622nam a2200229Ia 4500
003 OSt
005 20221005075903.0
006 a|||||r|||| 00| 0
007 ta
008 221004b |||||||| |||| 00| 0 eng d
024 _a69139
037 _cTextual
040 _aCRL
_cCRL
_beng
041 _2eng
_aeng
082 _aY:1,dn2,N96, N6
245 0 _aDirectory of cultural organisations in India Comp and Ed by K C Dutt
260 _aNew Delhi
_bNew Age International
_c1996
300 _a678p.
_ccm.
650 _aSOCIOLOGY
942 _hY:1,dn2,N96, N6
_cTEXL
_2cc
999 _c985350
_d985350